[Event "Norway Chess 2024"]
[Site "Stavanger, Norway"]
[Date "2024.06.06"]
[Round "17.3"]
[White "Caruana, Fabiano"]
[Black "Praggnanandhaa R"]
[Result "1/2-1/2"]
[WhiteElo "2805"]
[BlackElo "2747"]
[Annotator "Stockfish 16.1 - Chessbase"]
[PlyCount "96"]
[GameId "2053945023442856"]
[EventDate "2024.??.??"]

{[%evp 0,96,18,18,22,6,-4,-11,23,23,25,26,26,26,26,19,20,23,23,23,49,21,17,7,-13,7,-6,-9,30,118,15,-1,4,-37,12,-34,30,59,57,50,53,58,47,38,68,37,44,37,22,16,76,20,36,3,-3,11,14,0,11,6,22,-3,-6,0,0,-15,-4,-9,-6,0,0,-6,-11,-27,-11,-30,-3,-10,-11,-11,-11,19,51,3,28,35,37,28,24,26,5,-29,0,0,0,0,0,0,0]} 1. d4 Nf6 2. c4 e6 3. Nc3 Bb4 4. e3 O-O 5. Bd3 d5 6. cxd5 exd5 7. Nge2 Re8 8. O-O Bd6 9. Bd2 b6 ({RR} 9... a6 10. Rc1 Nbd7 11. Nf4 c6 12. f3 b5 13. Nce2 c5 14. g4 c4 15. Bb1 Nf8 16. Qe1 a5 17. Kh1 Ng6 18. Nxg6 hxg6 19. Qh4 Bb4 20. Nc3 Be7 21. g5 Nh7 22. f4 b4 23. Ne2 Qd7 24. Rf3 {½-½ Ernst,R (2344)-Lim,Z (2271) FSIM February 2024 Budapest HUN (6.1)}) 10. Rc1 c5 11. Ng3 $146 ({RR} 11. dxc5 bxc5 12. Nb5 Bf8 13. Bc3 Na6 14. Nf4 Bb7 15. b3 Ne4 16. Bb2 Qg5 17. g3 Rad8 18. Nxa7 c4 19. Bxe4 dxe4 20. Qh5 Qxh5 21. Nxh5 cxb3 22. axb3 Bd5 23. Nc6 Rc8 24. Nxg7 Bxg7 25. Ne7+ Kf8 {1-0 Abdusattorov,N (2727)-Vrolijk,L (2566) World Rapid 2023 Samarkand UZB (1.9)}) 11... Nc6 12. Nh5 cxd4 13. exd4 Nxd4 14. Bg5 Be7 15. Re1 Be6 16. Bxf6 Bxf6 17. Qa4 b5 18. Nxb5 Nxb5 19. Bxb5 Rf8 20. Nxf6+ Qxf6 21. b3 d4 22. Bd3 g6 23. h3 Rad8 24. Rc5 Rd7 25. Rd1 Rfd8 26. Ra5 Qe7 27. Qa3 Qxa3 28. Rxa3 Kg7 29. f3 Bf5 30. Ra4 Bxd3 31. Rxd3 Kf6 32. h4 h5 33. Rc4 a5 34. Kf2 Rd5 35. Rd2 Kf5 36. Re2 R8d7 37. Rec2 Ke5 38. Rd2 Kf4 39. Re2 Kf5 40. Re4 g5 41. hxg5 Kxg5 42. Ke2 f5 43. Re8 h4 44. Rg8+ Kf4 45. Kf2 Rd8 46. Rg7 R8d7 47. Rg8 Rd8 48. Rg7 R8d7 1/2-1/2

[Event "Norway Chess 2024"]
[Site "Stavanger, Norway"]
[Date "2024.06.06"]
[Round "18.1"]
[White "Firouzja, Alireza"]
[Black "Carlsen, Magnus"]
[Result "0-1"]
[WhiteElo "2737"]
[BlackElo "2830"]
[Annotator "Stockfish 16.1 - Chessbase"]
[PlyCount "92"]
[GameId "2053945023446953"]
[EventDate "2024.??.??"]

{[%evp 0,92,18,24,10,29,17,7,7,-3,22,5,7,-20,-22,-34,-22,-9,7,11,12,12,14,15,15,-22,-12,-72,0,-58,-8,-5,5,6,6,6,6,-2,-3,-5,16,16,45,0,0,21,32,21,72,60,70,81,86,68,79,67,61,78,78,78,72,5,21,17,34,44,101,33,25,39,41,0,0,-91,55,19,84,57,57,29,29,29,31,35,17,5,16,16,0,0,0,0,0,-127,-142]} 1. e4 e5 2. Nf3 Nc6 3. Bc4 Bc5 4. d3 Nf6 5. Bg5 h6 6. Bh4 d6 7. c3 a6 8. Nbd2 Ba7 9. O-O Qe7 10. b4 Be6 11. a4 O-O 12. Bd5 $146 ({RR} 12. b5 Nb8 13. Bxe6 Qxe6 14. Re1 axb5 15. axb5 Nbd7 16. Qb3 Qxb3 17. Nxb3 Bb6 18. Bxf6 Nxf6 19. Nfd2 Nd7 20. Nc4 Nc5 21. Nxc5 {½-½ Makarian,R (2525)-Petrosyan,M (2620) Aeroflot Open A 2024 Moscow RUS (7.8)}) 12... g5 13. Nxg5 Nxd5 14. Nxe6 Qxh4 15. exd5 fxe6 16. g3 Qh3 17. dxc6 bxc6 18. Qe2 Rf5 19. Kh1 Raf8 20. f3 Rg5 21. Qg2 Qf5 22. Rad1 h5 23. Nb3 h4 24. g4 Qh7 25. Qe2 h3 26. d4 exd4 27. cxd4 $6 {Inaccuracy. f4 was best.} (27. f4 Rg6) 27... e5 28. Na5 Bxd4 29. Nxc6 Qf7 30. Rc1 Rg6 31. Qxa6 Rf6 32. Qe2 Rxf3 $2 {Mistake. Bb2 was best.} (32... Bb2) 33. Rxf3 $2 {Mistake. Ne7+ was best.} (33. Ne7+ Kh7 34. Qe4+ Kh8 35. Nf5 Rxf1+ 36. Rxf1 Qa2 37. a5 Bc3 38. Qf3 Qg2+) 33... Qxf3+ 34. Qxf3 Rxf3 35. Nxd4 exd4 36. Ra1 $4 {Blunder. Kg1 was best.} (36. Kg1 Rc3 37. Ra1 Rc4 38. a5 Rxb4 39. a6 Rb8 40. a7 Ra8 41. Kf2 c5) 36... Rb3 $4 {Blunder. d3 was best.} (36... d3 37. Kg1 c5 38. Rc1 cxb4 39. Rd1 b3 40. Rd2 Re3 41. Kf1 Re2 42. Rxd3) 37. a5 Rxb4 38. a6 Rb8 39. a7 Ra8 40. Kg1 c5 41. Kf2 Kf7 42. Ke2 c4 43. Ra5 d3+ 44. Kd2 Kg6 45. Kc3 d5 46. Ra2 $4 {Blunder. Rxd5 was best.} (46. Rxd5 Rxa7 47. Kxc4 d2 48. Rxd2 Kg5 49. Kd3 Kxg4 50. Ke2 Ra4 51. Ke3 Ra3+) 46... Kg5 0-1

[Event "Norway Chess 2024"]
[Site "Stavanger, Norway"]
[Date "2024.06.06"]
[Round "18.2"]
[White "Nakamura, Hikaru"]
[Black "Ding, Liren"]
[Result "0-1"]
[WhiteElo "2794"]
[BlackElo "2762"]
[Annotator "Stockfish 16.1 - Chessbase"]
[PlyCount "92"]
[GameId "2053945023553450"]
[EventDate "2024.??.??"]

{[%evp 0,92,18,18,22,18,10,9,-6,12,21,-1,2,-45,-39,-78,-28,-28,-28,-87,-72,-71,-73,-98,-81,-65,-49,-40,-32,-38,-11,-40,-32,-4,0,3,-18,-26,-50,-113,-42,-42,-33,-70,0,-8,49,10,2,-25,-26,-76,-28,-76,-76,-121,-113,-140,-34,-180,-200,-230,-230,-352,-327,-400,-275,-297,-297,-349,-306,-374,-374,-357,-422,-422,-428,-316,-361,-657,-705,-705,-567,-528,-716,-808,-555,-555,-534,-734,-801,-1185,-1241,-29991,-1598]} 1. Nf3 d5 2. e3 Nf6 3. c4 e6 4. Nc3 Be7 5. b3 O-O ({RR} 5... b6 6. Bb2 Bb7 7. cxd5 exd5 8. Ne2 Nbd7 9. Rc1 O-O 10. Ned4 Re8 11. Nc6 Bxc6 12. Rxc6 Nb8 13. Rc1 c5 14. Qc2 Nc6 15. Bb5 Rc8 16. O-O a6 17. Be2 b5 18. Qf5 g6 19. Qh3 d4 20. exd4 {1-0 Erigaisi,A (2738)-Akobian,V (2571) Titled Tue 16th Jan Late chess.com INT 2024 (3)}) 6. g3 $146 ({RR} 6. Be2 dxc4 7. bxc4 c5 8. O-O Nc6 9. d4 cxd4 10. exd4 b6 11. Bf4 Bb4 12. Qa4 Bxc3 13. Qxc6 Bd7 14. Qd6 Bxa1 15. Rxa1 Rc8 16. Ne5 Ba4 17. Ng4 Nxg4 18. Bxg4 Qxd6 19. Bxd6 Rxc4 20. Bxf8 Kxf8 {0-1 Song,G (1235)-Liu,H (1616) Chinese Youth U16 2024 Shanghai CHN (6.12)}) 6... c5 7. Bg2 d4 8. Na4 Nc6 9. exd4 cxd4 10. O-O e5 11. d3 h6 12. a3 a5 13. Re1 Bd6 14. h3 Bf5 15. g4 Bh7 16. g5 hxg5 17. Bxg5 Re8 18. c5 Bc7 19. Nb2 $6 {Inaccuracy. Nh4 was best.} (19. Nh4 Re6) 19... Qd7 20. Bxf6 gxf6 21. Nh4 f5 $6 {Inaccuracy. Kh8 was best.} (21... Kh8 22. Qg4) 22. Qh5 Kg7 23. Nc4 Bg6 24. Nxg6 fxg6 25. Qf3 Rad8 $6 {Inaccuracy. Qe7 was best.} (25... Qe7) 26. b4 axb4 27. axb4 Nxb4 28. Rab1 Na6 29. Qxb7 $4 {Blunder. Nb6 was best.} (29. Nb6 Qe7 30. Nd5 Rxd5 31. Qxd5 Nxc5 32. Qc4 b6 33. Ra1 Bb8 34. Ra8 Qf6) 29... Nxc5 30. Qa7 $6 {Inaccuracy. Qf3 was best.} (30. Qf3 e4 31. dxe4 fxe4 32. Qa3 Qf5 33. Rb5 Rd5 34. Rd1 Red8 35. Nd2 R8d7) 30... Nxd3 31. Red1 $6 {Inaccuracy. Rb7 was best.} (31. Rb7 Re7 32. Nxe5 Nxe5 33. Rxe5 Bxe5 34. Rxd7 Rdxd7 35. Qa2 d3 36. Qd2 Rd4) 31... e4 32. Qa2 Nf4 33. Rb7 Re7 34. Qa7 Nxg2 35. Kxg2 e3 36. Ne5 Qd5+ 37. Nf3 e2 38. Re1 Rdd7 39. Qa6 d3 40. Rb2 Be5 41. Rb5 Qe4 42. Rb6 f4 43. Re6 Qf5 44. Rc6 $6 {Inaccuracy. Rxe7+ was best.} (44. Rxe7+ Rxe7 45. Rxe2 dxe2 46. Qxe2 Bf6 47. Qa6 Qe4 48. Qd6 Rb7 49. Qd2 Qf5) 44... d2 45. Rxe2 $6 {Inaccuracy. Qxe2 was best.} (45. Qxe2 dxe1=Q 46. Nxe1 Bf6 47. Qg4 Qxg4+ 48. hxg4 Rxe1 49. Kh2 Re5 50. Ra6 Ree7) 45... d1=Q 46. Nxe5 $6 {Checkmate is now unavoidable. Rxg6+ was best.} (46. Rxg6+ Qxg6+ 47. Qxg6+ Kxg6 48. Rxe5 Rxe5 49. Nxe5+ Kf5 50. Nxd7 Qxd7 51. f3 Qd3) 46... Rxe5 0-1

[Event "Norway Chess 2024"]
[Site "Stavanger, Norway"]
[Date "2024.06.06"]
[Round "18.3"]
[White "Caruana, Fabiano"]
[Black "Praggnanandhaa R"]
[Result "1-0"]
[WhiteElo "2805"]
[BlackElo "2747"]
[Annotator "Stockfish 16.1 - Chessbase"]
[PlyCount "91"]
[GameId "2053945023557547"]
[EventDate "2024.??.??"]

{[%evp 0,91,18,18,22,-6,-6,12,26,-36,3,-13,-11,-11,-1,-10,-5,-2,-17,-9,6,-7,17,22,21,2,-6,-4,6,-7,23,-5,-9,5,10,13,2,7,0,3,10,44,46,48,52,19,75,110,98,114,110,92,102,105,115,107,121,135,116,116,142,146,159,110,130,122,122,142,157,96,122,85,105,105,105,107,117,115,126,107,141,128,224,215,193,193,193,193,184,184,433,427,666,662]} 1. d4 Nf6 2. c4 e6 3. Nc3 Bb4 4. Qc2 O-O 5. a3 Bxc3+ 6. Qxc3 d5 7. e3 ({RR} 7. Bg5 dxc4 8. Qxc4 b6 9. Rd1 Ba6 10. Qa4 Bb7 ({RR} 10... Qd7) 11. f3 Nbd7) ({RR} 7. Nf3 dxc4 8. Qxc4 b6) 7... b6 8. cxd5 ({RR} 8. Nf3 Ba6 ({RR} 8... Bb7) 9. b4) 8... exd5 ({RR} 8... Qxd5 9. f3 ({RR} 9. Be2 c5 10. Bf3 Ne4 11. Qc2 f5 12. Ne2 cxd4 13. exd4 Nc6 14. Be3 Ba6) 9... Ba6 ({RR} 9... Rd8) 10. Bxa6 Nxa6 11. e4 Qb7 12. Bg5 Nd7 13. Ne2) ({RR} 8... Nxd5 9. Qc2 Ba6 10. Bxa6 Nxa6 11. e4 Ne7 12. Bg5 h6 13. Bxe7 Qxe7 14. Qc6 e5 15. Qb5 exd4 16. Qxa6 Qxe4+ 17. Kf1 Rfe8) 9. Nf3 $146 ({RR} 9. Bd3 Ba6 ({RR} 9... Ne4 10. Qc2 Bf5 11. Ne2) 10. Bxa6 Nxa6 11. Qd3 ({RR} 11. Nf3 c5) ({RR} 11. Qc6 Re8 12. Ne2 Re6 13. Qb7 Qc8 14. Qxc8+ Rxc8 15. f3 c5 16. Bd2 Rec6 17. Kf2 Nc7 18. Rhc1 Ne6 19. Ke1 Ne8 20. a4 Nd6 21. b3 cxd4 22. Rxc6 Rxc6 23. exd4 Nf5 24. Bc3 Ne3 25. Kf2 Nf5) 11... Qc8 12. Ne2 ({RR} 12. b4 c5) 12... Nb8 ({RR} 12... c5 13. b3 cxd4 ({RR} 13... Qb7 14. O-O Rac8 15. Bb2) 14. Qxd4 ({RR} 14. Nxd4 Nc5 15. Qb5 ({RR} 15. Qe2 Nxb3 16. Nxb3 Qc3+) ({RR} 15. Qb1 Qa6) ({RR} 15. Qc2 Qa6) 15... a6 16. Qxb6 Rb8 17. Qc6 Nxb3 18. Qxc8 Rfxc8) ({RR} 14. exd4 {RR} Nc7 15. O-O ({RR} 15. Bf4 Ne6 16. Be5 Ne4 17. h4 Qd7 18. f3 f6 19. Bh2 Nd6 20. h5 Rfe8 21. Kf2 Qb5 22. Rhd1 Qd7 23. a4 Rac8 24. a5 b5 25. Rac1 a6 26. Bxd6 Qxd6 27. Qf5) 15... Ne6 16. Bd2 Qd7 17. f3 Rac8 18. a4 Rc6 19. Rfc1 Rxc1+ 20. Rxc1 Rc8 21. Ra1 Ne8 22. Nc3 Rc6 23. a5 N8c7 24. f4 g6 25. axb6 axb6 26. Ra7 Ng7 27. Na2) 14... Nc5 15. Qd1 ({RR} 15. Rb1 Qf5) 15... Qa6 16. Nf4 ({RR} 16. O-O Nxb3) 16... d4 ({RR} 16... g5 17. Bb2) ({RR} 16... Rad8 17. b4 ({RR} 17. Bb2 d4 18. Bxd4 Rxd4 19. Qxd4 Nxb3 20. Qb2 Nxa1 21. Qxa1 Qa5+ 22. Ke2 Qb5+) 17... g5 18. bxc5 ({RR} 18. Bb2 d4) 18... gxf4) 17. b4 ({RR} 17. exd4 Rfe8+ 18. Be3 g5 19. Ne2 Nd3+ 20. Kf1 Nd5) 17... dxe3 ({RR} 17... Nd5 18. Nxd5 ({RR} 18. bxc5 Nxf4 19. exf4 Rfe8+ 20. Kd2 bxc5) 18... Nd3+ 19. Kd2 Nxf2 20. Qf1 Ne4+ 21. Ke1 d3) 18. bxc5 Qa5+ 19. Kf1 Rad8 20. Qc2 Qb5+ 21. Ke1 ({RR} 21. Kg1 Qxc5) 21... Qa5+ 22. Kf1 Qb5+ 23. Ke1 Qa5+) 13. b3 a5 14. Bb2 Qa6 15. Qxa6 Rxa6 16. a4 Re8 17. Rc1 Ra7 18. Ba3 Rb7 19. O-O Nbd7 20. Rc6 Re6 21. Rfc1 Rxc6 22. Rxc6 h6 23. f3 Nb8 {1-0 Indjic,A (2603)-Gholami Orimi,M (2470) Dubai Police Global Chess Challenge 202 Dubai Police Officers Club, A 2024 (3.16)}) ({RR} 9. Bb5 c5 10. Ne2 Ne4 11. Qc2 Bf5 12. Qd1 Nd6 13. Ba4 c4 14. Ng3 Bd3 15. Bc2 Bxc2 16. Qxc2 Nc6 17. O-O Qd7 18. Bd2 b5 19. Bb4 a5 20. Bc5 Rfe8 21. Rfe1 Nb7 22. Rad1 g6 23. h4 h5 {½-½ Dreev,A (2606)-Santos Ruiz,M (2596) Chessable Masters Play-In chess.com INT 2024 (5)}) ({RR} 9. Bd3 Ba6 10. Bxa6 Nxa6 11. Qd3 Qc8 12. Ne2 Nb8 13. b3 a5 14. Bb2 Qa6 15. Qxa6 Rxa6 16. a4 Re8 17. Rc1 Ra7 18. Ba3 Rb7 19. O-O Nbd7 20. Rc6 Re6 21. Rfc1 Rxc6 22. Rxc6 h6 23. f3 Nb8 {1-0 Indjic,A (2603)-Gholami Orimi,M (2470) Dubai Police Open A 2024 Dubai UAE (3.16)}) 9... a5 ({RR} 9... Ne4 10. Qc2 Bf5) 10. Ne5 Qd6 11. f3 c5 12. Bb5 Ba6 13. Bxa6 Rxa6 14. O-O Nc6 15. Nxc6 Qxc6 16. a4 Re8 17. b3 Raa8 18. Bb2 Rac8 19. Qd2 Qe6 20. dxc5 bxc5 21. Rfe1 Qb6 22. Rab1 Rcd8 23. Bc3 Qa7 $6 {Inaccuracy. Ra8 was best.} (23... Ra8) 24. Bxa5 Rd7 25. Bc3 d4 26. exd4 cxd4 27. Rxe8+ Nxe8 28. Bb4 Nc7 $6 {Inaccuracy. d3+ was best.} (28... d3+ 29. Qf2 Qa8 30. a5 h6 31. Qb6 Qc8 32. Qc5 Qd8 33. h3 Nc7 34. Bd2) 29. Rc1 $6 {Inaccuracy. Qd3 was best.} (29. Qd3 Ne6 30. Bd2 h5 31. Re1 Rd8 32. a5 Nc5 33. Qc4 Ne6 34. b4 d3+) 29... Qb7 $6 {Inaccuracy. d3+ was best.} (29... d3+ 30. Bc5 Qa8 31. Be3 h6 32. h3 Qd5 33. Rc3 Na6 34. Rc4 Qe6 35. Kf2) 30. Ba5 Ne6 31. Qc2 g5 32. Qc8+ Kg7 33. Bd2 Qd5 $6 {Inaccuracy. Qa7 was best.} (33... Qa7 34. a5 h5 35. h3 g4 36. Kh1 Rd8 37. Qc6 Qb8 38. Qe4 gxh3 39. gxh3) 34. Qc4 $6 {Inaccuracy. Qc6 was best.} (34. Qc6 Qxc6 35. Rxc6 d3 36. a5 Nd4 37. Rb6 h5 38. a6 h4 39. Kf1 h3) 34... Qf5 35. a5 Rc7 36. Qf1 Rc2 $6 {Inaccuracy. Rxc1 was best.} (36... Rxc1 37. Qxc1 h6 38. b4 Qd3 39. h3 f6 40. Kf2 Kf7 41. Qd1 f5 42. h4) 37. Rxc2 Qxc2 38. Qc1 Qxb3 39. Bxg5 Qb5 40. Bd2 Nc5 41. Bh6+ Kf6 42. Qf4+ Ke6 43. Qxd4 $6 {Inaccuracy. Qg4+ was best.} (43. Qg4+ Kd5 44. Qf5+ Kc6 45. Qf6+ Ne6 46. Qxf7 Qe2 47. h3 Qe1+ 48. Kh2 Qe5+) 43... Qxa5 44. Bd2 Qa4 $4 {Blunder. Qa2 was best.} (44... Qa2 45. Qg4+) 45. Bb4 Nb7 46. Qe4+ 1-0

[Event "Norway Chess 2024"]
[Site "Stavanger, Norway"]
[Date "2024.06.07"]
[Round "19.1"]
[White "Carlsen, Magnus"]
[Black "Caruana, Fabiano"]
[Result "1/2-1/2"]
[WhiteElo "2830"]
[BlackElo "2805"]
[Annotator "Stockfish 16.1 - Chessbase"]
[PlyCount "49"]
[GameId "2053980635019764"]
[EventDate "2024.??.??"]

1. e4 e5 2. Nf3 Nc6 3. Bb5 a6 4. Ba4 Nf6 5. Nc3 Bc5 6. O-O b5 7. Bb3 O-O ({RR} 7... d6 8. a4 b4 9. Nd5 Bg4 10. c3 Rb8 11. Bc4 O-O 12. h3 Bh5 13. Nxf6+ Qxf6 14. g4 Qg6 15. Nh4 Qf6 16. Nf3 Na5 17. Ba2 Bg6 18. d4 b3 19. Bb1 Ba7 20. Bg5 Qe6 21. d5 Qd7 22. Qe2 {1-0 Grigoriants,S (2544)-Nepomniachtchi,I (2771) World Rapid 2023 Samarkand UZB (3.35)}) 8. a4 $146 ({RR} 8. Nd5 d6 9. Nxf6+ Qxf6 10. Bd5 Bd7 11. d3 h6 12. h3 Rab8 13. Be3 Ne7 14. Bb3 Ng6 15. d4 exd4 16. Nxd4 Nh4 17. Kh1 Qg6 18. Rg1 Bxd4 19. Bxd4 c5 20. Bc3 c4 21. f3 cxb3 22. axb3 f5 {1-0 Szpar,M (2491)-Bochnicka,V (2398) Titled Tue 2nd Jan Late chess.com INT 2024 (1)}) 8... Rb8 9. axb5 axb5 10. d3 h6 11. h3 d6 12. Ne2 Ne7 13. Ng3 Ng6 14. c3 Bb6 15. d4 Bb7 16. Bc2 c5 17. Re1 Re8 18. dxe5 dxe5 19. Qxd8 Rexd8 20. Be3 Bc8 21. Nf5 Be6 22. Ra6 Bc8 23. Raa1 Be6 24. Ra6 Bc8 25. Raa1 1/2-1/2

[Event "Norway Chess 2024"]
[Site "Stavanger, Norway"]
[Date "2024.06.07"]
[Round "19.2"]
[White "Praggnanandhaa R"]
[Black "Nakamura, Hikaru"]
[Result "1/2-1/2"]
[WhiteElo "2747"]
[BlackElo "2794"]
[Annotator "Stockfish 16.1 - Chessbase"]
[PlyCount "61"]
[GameId "2053980635384309"]
[EventDate "2024.??.??"]

1. e4 e5 2. Nf3 Nc6 3. Bb5 a6 4. Ba4 Bc5 5. c3 Nge7 6. d4 exd4 7. cxd4 Bb4+ 8. Bd2 Bxd2+ 9. Qxd2 d5 10. exd5 Nxd5 11. Bxc6+ bxc6 12. O-O O-O 13. Ne5 $146 ({RR} 13. Nc3 Nf6 14. Ne5 Qd6 15. Rad1 Be6 16. b3 Rfd8 17. Na4 Bd5 18. Nc5 Ne4 19. Nxe4 Bxe4 20. Rfe1 Bd5 21. Nd3 a5 22. Nc5 Qg6 23. f4 h6 24. Qf2 Re8 25. h3 Qf6 26. Re5 Rxe5 27. fxe5 Qg6 {1-0 Ter Sahakyan,S (2649)-Le Tuan Minh (2567) Chessable Masters Play-In chess.com INT 2024 (6)}) ({RR} 13. Nc3 Ne7 14. Rfe1 h6 15. h3 Be6 16. b3 Re8 17. Rac1 a5 18. Re5 Qd7 19. Rce1 Ng6 20. R5e4 Red8 21. Ne5 Nxe5 22. Rxe5 Qxd4 23. Qxd4 Rxd4 24. Rc5 Bd7 25. Ree5 Rd3 26. Kf1 f6 27. Re4 Rd2 {0-1 Alsina Leal,D (2497)-Pranav,V (2604) 3rd Sunway Formentera Op Sant Ferran de ses Roques ESP 2024 (3.3)}) ({RR} 13. Nc3 Nxc3 14. Qxc3 Be6 15. Ne5 Bd5 16. Nxc6 Bxc6 17. Qxc6 Qxd4 18. b3 Qb6 19. Rac1 Rad8 20. Qxc7 Qxc7 21. Rxc7 Rd2 22. a4 Rb2 23. Rc6 Rxb3 24. Rxa6 g6 25. Ra1 Rc8 26. Rd6 Rc2 27. Rdd1 Rbb2 {½-½ Tiglon,B (2485)-Visakh,N (2546) 10th Sunway Sitges 2023 Sitges ESP (10.7)}) 13... Re8 14. Re1 Bf5 15. Nc3 Nb4 16. Qf4 Be6 17. Re2 Nd5 18. Qg3 Nxc3 19. bxc3 c5 20. dxc5 Qd5 21. c6 Qd6 22. Nf3 Qxc6 23. Nd4 Qd7 24. Rae1 Bc4 25. Nf5 g6 26. Re7 Rxe7 27. Nxe7+ Kg7 28. h4 h5 29. Qg5 Re8 30. Nf5+ Kg8 31. Rxe8+ 1/2-1/2

[Event "Norway Chess 2024"]
[Site "Stavanger, Norway"]
[Date "2024.06.07"]
[Round "19.3"]
[White "Ding, Liren"]
[Black "Firouzja, Alireza"]
[Result "1/2-1/2"]
[WhiteElo "2762"]
[BlackElo "2737"]
[Annotator "Stockfish 16.1 - Chessbase"]
[PlyCount "70"]
[GameId "2053980635384310"]
[EventDate "2024.??.??"]

1. d4 Nf6 2. c4 e6 3. Nf3 d5 4. g3 dxc4 5. Bg2 c5 6. O-O Nc6 7. dxc5 Qxd1 8. Rxd1 Bxc5 9. Nbd2 c3 10. bxc3 O-O 11. Nb3 Be7 12. Nfd4 Nxd4 13. cxd4 Nd5 14. Bd2 f5 15. Na5 b6 16. Nc6 Bf6 17. e3 Bb7 18. Nb4 Rfd8 19. a4 Rab8 $146 ({RR} 19... Rac8 20. a5 b5 21. Nd3 Be7 22. a6 Bc6 23. Ba5 Rd6 24. Rdc1 Bd7 25. Nb4 Nc3 26. Rc2 Kf8 27. Bb7 Rc4 28. Nd3 Nd5 29. Rac1 Ra4 30. Bc7 Nxc7 31. Rxc7 Be8 32. Rc8 Rc4 33. R1xc4 bxc4 34. Ne5 {½-½ Berry,N (2258)-Camacho Collados,J (2371) 4NCL 2023-24 England ENG (5.2)}) 20. a5 Nxb4 21. Bxb4 Bxg2 22. Kxg2 e5 23. axb6 axb6 24. dxe5 Bxe5 25. Rxd8+ Rxd8 26. Ra6 Rb8 27. h3 Rb7 28. f4 Bb2 29. g4 g6 30. Kf3 Kf7 31. Ra8 Bf6 32. Rf8+ Kg7 33. Rc8 Kf7 34. Rf8+ Kg7 35. Rc8 Kf7 1/2-1/2

[Event "Norway Chess 2024"]
[Site "Stavanger, Norway"]
[Date "2024.06.07"]
[Round "20.1"]
[White "Carlsen, Magnus"]
[Black "Caruana, Fabiano"]
[Result "1-0"]
[WhiteElo "2830"]
[BlackElo "2805"]
[Annotator "Stockfish 16.1 - Chessbase"]
[PlyCount "103"]
[GameId "2053980635384311"]
[EventDate "2024.??.??"]

1. Nf3 Nf6 2. c4 b6 3. Nc3 Bb7 4. d4 e6 5. a3 Ne4 6. Nxe4 Bxe4 7. e3 Be7 8. Bd3 Bxd3 9. Qxd3 O-O 10. O-O d6 11. b4 Nd7 12. Rd1 a5 13. Bb2 axb4 14. axb4 Qb8 15. Qe4 d5 16. cxd5 Nf6 17. Qc2 exd5 18. Ne5 Bd6 19. b5 Qe8 20. Rxa8 Qxa8 21. Ra1 Qe8 22. Qc6 Qe7 23. Ra7 h5 24. h3 Rd8 25. Qc1 Qe6 26. Nc6 Re8 27. Ba3 Ne4 28. Bxd6 Qxd6 29. Ne5 Rc8 30. f3 Ng3 31. Qa1 f6 32. Nd3 h4 33. Kf2 Kh7 34. Qb1 Re8 35. Qc2 Re7 36. Ne5+ Ne4+ 37. fxe4 fxe5 38. exd5+ e4 39. Kg1 Qxd5 40. Rxc7 Rxc7 41. Qxc7 Qxb5 42. Qf4 Qb1+ 43. Kh2 b5 44. Qxh4+ Kg6 45. d5 Qd3 46. Qg4+ Kh7 47. Qf5+ g6 48. Qf7+ Kh6 49. Qf8+ Kh7 50. d6 b4 51. Qe7+ Kh6 52. d7 1-0

[Event "Norway Chess 2024"]
[Site "Stavanger, Norway"]
[Date "2024.06.07"]
[Round "20.2"]
[White "Praggnanandhaa R"]
[Black "Nakamura, Hikaru"]
[Result "1-0"]
[WhiteElo "2747"]
[BlackElo "2794"]
[Annotator "Stockfish 16.1 - Chessbase"]
[PlyCount "61"]
[GameId "2053980635388408"]
[EventDate "2024.??.??"]

1. d4 {[%eval 16,0]} Nf6 {[%eval 17,0]} 2. Bf4 {[%eval 5,0]} d5 {[%eval 12,0]} 3. e3 {[%eval 0,0]} c5 {[%eval 16,0]} 4. Nf3 {[%eval 11,0]} Nc6 {[%eval 15,0]} 5. Bb5 {[%eval 0,0]} ({RR} 5. Nbd2 Qb6 6. dxc5 Qxb2 7. Rb1 Qc3 8. Bb5 g6 9. O-O Bg7 10. Nb3 O-O 11. Bxc6 bxc6 12. Be5 Qc4 13. Qd4 Qxd4 14. exd4 a5 15. Rfe1 Re8 16. Nc1 Nd7 17. Bxg7 Kxg7 18. h4 f6 19. g4 Ba6 {0-1 Sjugirov,S (2695)-Duda,J (2732) Titled Tue 20th Feb Early chess.com INT 2024 (5)}) 5... Qb6 {[%eval 2,0]} 6. c4 $146 {[%eval 17,0]} ({RR} 6. Nc3 Bg4 7. dxc5 Qxc5 8. Qd4 Qxd4 9. Nxd4 Bd7 10. Nxc6 bxc6 11. Ba6 Bc8 12. Be2 e6 13. a3 Nd7 14. Bg3 a5 15. O-O-O Ba6 16. Bxa6 Rxa6 17. e4 g6 18. exd5 cxd5 19. Nb5 Bh6+ 20. Kb1 O-O {1-0 Mikhalchenko,P (2322)-Shton,R (2020) Titled Tue 27th Feb Late chess.com INT 2024 (5)}) 6... Bg4 $6 {[%eval 84,0] Inaccuracy. cxd4 was best.} (6... cxd4 7. O-O e6 8. exd4 dxc4 9. Nc3 Be7 10. Bxc4 O-O 11. Nb5) 7. Nc3 {[%eval 41,0]} e6 {[%eval 5,0]} 8. O-O {[%eval 6,0]} a6 {[%eval 100,0]} 9. dxc5 {[%eval 114,0]} Qxc5 {[%eval 107,0]} 10. Na4 {[%eval 93,0]} Qa7 {[%eval 121,0]} 11. Bxc6+ {[%eval 107,0]} bxc6 {[%eval 124,0]} 12. Rc1 {[%eval 71,0]} Be7 {[%eval 84,0]} 13. cxd5 {[%eval 79,0]} Nxd5 {[%eval 79,0]} 14. h3 {[%eval 85,0]} Bxf3 {[%eval 98,0]} 15. Qxf3 {[%eval 101,0]} Rc8 {[%eval 89,0]} 16. Be5 {[%eval 100,0]} O-O {[%eval 98,0]} 17. Rc4 {[%eval 67,0]} c5 {[%eval 72,0]} 18. Rfc1 {[%eval 49,0]} Nb6 $6 {[%eval 137,0] Inaccuracy. Nb4 was best.} (18... Nb4) 19. Qg4 {[%eval 137,0]} g6 {[%eval 125,0]} 20. Nxb6 {[%eval 134,0]} Qxb6 {[%eval 137,0]} 21. b4 {[%eval 148,0]} Rc6 {[%eval 108,0]} 22. bxc5 $6 {[%eval 74,0] Inaccuracy. Bd4 was best.} (22. Bd4) 22... Qb7 $2 {[%eval 109,0] Mistake. Rxc5 was best.} (22... Rxc5 23. Rxc5 Bxc5 24. Qe4 a5 25. Rb1 Qa6 26. a4 Bb4 27. Qd4 Rc8 28. Qf4) 23. h4 {[%eval 184,0]} f6 $6 {[%eval 279,0] Inaccuracy. Qd7 was best.} (23... Qd7 24. g3 Rfc8 25. Bd4 Qc7 26. e4 h5 27. Qe2 Kh7 28. Qb2 Bf8 29. Kg2) 24. Bd6 {[%eval 206,0]} f5 {[%eval 292,0]} 25. Qg3 {[%eval 208,0]} Rd8 $6 {[%eval 364,0] Inaccuracy. Qd7 was best.} (25... Qd7 26. h5 Bxd6 27. cxd6 f4 28. exf4 Rxc4 29. Rxc4 Qxd6 30. hxg6 Qd1+ 31. Kh2) 26. h5 {[%eval 353,0]} g5 {[%eval 383,0]} 27. e4 {[%eval 373,0]} fxe4 $6 {[%eval 536,0] Inaccuracy. Qd7 was best.} (27... Qd7 28. Rd4 f4 29. Qd3 a5 30. Qd1 Rf8 31. e5 f3 32. gxf3 Qe8 33. Rcc4) 28. Qe5 {[%eval 501,0]} Qd7 {[%eval 636,0]} 29. h6 {[%eval 603,0]} Bf8 {[%eval 651,0]} 30. Qxg5+ {[%eval 605,0]} Kf7 {[%eval 632,0]} 31. Bxf8 {[%eval 611,0]} 1-0

[Event "Norway Chess 2024"]
[Site "Stavanger, Norway"]
[Date "2024.06.07"]
[Round "20.3"]
[White "Ding, Liren"]
[Black "Firouzja, Alireza"]
[Result "0-1"]
[WhiteElo "2762"]
[BlackElo "2737"]
[Annotator "Stockfish 16.1 - Chessbase"]
[PlyCount "58"]
[GameId "2053980635462137"]
[EventDate "2024.??.??"]

1. d4 Nf6 2. Nf3 g6 3. Bf4 Bg7 4. e3 O-O 5. Be2 d6 6. h3 b6 7. O-O Bb7 8. a4 a6 9. c4 Nc6 10. Nc3 a5 11. d5 $146 ({RR} 11. Bh2 Nb4 12. Ne1 c5 13. d5 Qd7 14. Ra3 Rae8 15. Nb5 e6 16. Nxd6 Rd8 17. Nxb7 Qxb7 18. Nd3 exd5 19. Nxb4 dxc4 20. Nd3 Ne4 21. Qc2 cxd3 22. Rxd3 c4 23. Rxd8 Rxd8 24. Bf3 Re8 25. Qxc4 Bxb2 {1-0 Henriquez Villagra,C (2591)-Bortnyk,O (2608) Titled Tue 13th Feb Early chess.com INT 2024 (5)}) 11... Nb4 12. e4 Nd7 13. Qd2 Nc5 14. Rad1 e5 15. dxe6 fxe6 16. Bg5 Qe8 17. Bh6 Bxe4 18. Bxg7 Kxg7 19. Nxe4 Nxe4 20. Qd4+ Nf6 21. b3 e5 22. Qe3 Nd7 23. Nh2 Nc5 24. Ng4 Qf7 25. Bf3 Rae8 26. Bd5 Qf4 27. Qc3 h5 28. Ne3 Qf6 29. Rb1 e4 0-1